000 00353 a2200169 4500
001 189637
020 _a85-250-4827-1
040 _cMagnum
100 _aZiraldo
240 1 0 _aDiário da Julieta
_lpor
245 1 0 _aDiário da Julieta
300 _a112
362 0 _a2010
440 1 _aGlobo
697 _aLITERATURA INFANTO-JUVENIL
942 _cBK
999 _c189637
_d189637